000 00471nam a2200181Ia 4500
001 9812
005 20260306161746.0
008 260306t2011||||xx |||||||||||||| ||spa||
041 _aESP
082 _a465
_bB97
100 _aButrón, Gloria
_eAUT
245 0 _aNueva gramática de la lengua española:
_bintroducción con enfoque práctico
260 _c2011
300 _aviii, 255 páginas :
_c25 cm.
650 _aGEN
654 _aCHU
942 _cLIB
_dJUS
_fJUS
_2ddc
_n
999 _c9812
_d9812